[Event "34 OFSz o Puchar Prezydenta Miasta Zabrz"]
[Site "Zabrze ul. Matejki 6"]
[Date "2011.09.28"]
[Round "8.2"]
[White "Sroka, Janusz"]
[Black "Kastelik, Adrian"]
[Result "1-0"]
[WhiteElo "2080"]
[BlackElo "2048"]
[PlyCount "99"]
[EventDate "2011.??.??"]

1. e4 e5 2. Nf3 Nc6 3. d3 Nf6 4. Be2 d5 5. exd5 Nxd5 6. O-O Bc5 7. Nxe5 Nxe5 8.
d4 Nb4 9. dxc5 Bf5 10. Na3 Qxd1 11. Bxd1 O-O-O 12. Bf4 Nd7 13. Nb5 a6 14. Nd4
Bg6 15. Bd2 Nc6 16. Nxc6 bxc6 17. Be3 Nf6 18. c3 Rhe8 19. Bf3 Be4 20. Bxe4 Rxe4
21. Rfe1 Rde8 22. h3 Nd5 23. Bd2 Re2 24. Kf1 Rxe1+ 25. Rxe1 Rd8 26. c4 Nf6 27.
Bc3 Rd7 28. Bxf6 gxf6 29. Re8+ Kb7 30. Ke2 Rd4 31. b3 Rd7 32. h4 h5 33. g3 a5
34. a3 f5 35. a4 f4 36. Re5 fxg3 37. fxg3 f6 38. Rxh5 Rg7 39. Kf2 Rd7 40. Rf5
Rd2+ 41. Kg1 Rd3 42. Kg2 Rxb3 43. h5 Rb4 44. h6 Rxa4 45. h7 Ra2+ 46. Rf2 Ra4
47. Rc2 f5 48. h8=Q f4 49. Rb2+ Ka6 50. Qa8# 1-0

[Event "34 OFSz o Puchar Prezydenta Miasta Zabrz"]
[Site "Zabrze ul. Matejki 6"]
[Date "2011.09.28"]
[Round "8.3"]
[White "Piesik, Piotr"]
[Black "Radzikowski, Dawid"]
[Result "1-0"]
[WhiteElo "2206"]
[BlackElo "2019"]
[PlyCount "72"]
[EventDate "2011.??.??"]

1. e4 e5 2. Nc3 Nc6 3. Bc4 Bc5 4. Qg4 Nd4 5. Qxg7 Qf6 6. Qxf6 Nxf6 7. Bb3 Rg8
8. Kf1 d6 9. d3 Ng4 10. Nh3 Be6 11. Ne2 Nxb3 12. axb3 d5 13. f3 Ne3+ 14. Bxe3
Bxe3 15. Nf2 f5 16. exf5 Bxf5 17. Ng3 Bd7 18. Re1 Bf4 19. Nh5 O-O-O 20. Nf6 Rg6
21. Nxd5 Bg5 22. Rxe5 Be6 23. Nc3 Bf4 24. Re2 Bf5 25. g3 Bc1 26. Nfd1 Ra6 27.
Kg2 h5 28. Ne3 Bxb2 29. Ncd1 Bxd3 30. cxd3 Ba1 31. Nf2 Bd4 32. Rc1 Re8 33. Ne4
Rd8 34. Nf5 Ra3 35. Ned6+ Kb8 36. Nxd4 cxd6 1-0

[Event "34 OFSz o Puchar Prezydenta Miasta Zabrz"]
[Site "Zabrze ul. Matejki 6"]
[Date "2011.09.28"]
[Round "8.4"]
[White "Ekert, Mariusz"]
[Black "Mulet, Piotr"]
[Result "0-1"]
[WhiteElo "1957"]
[BlackElo "2284"]
[PlyCount "56"]
[EventDate "2011.??.??"]

1. d4 Nf6 2. c4 g6 3. Nc3 d5 4. cxd5 Nxd5 5. e4 Nb6 6. Be3 Bg7 7. h3 O-O 8. Nf3
Be6 9. d5 Bc8 10. Nd4 c6 11. dxc6 Nxc6 12. Nxc6 bxc6 13. Qxd8 Rxd8 14. Bc5 Kf8
15. Rc1 Be6 16. Ba6 Nc4 17. b3 Nd2 18. f3 Bxb3 19. axb3 Nxb3 20. Ne2 Nxc1 21.
Nxc1 Bd4 22. Nb3 Rab8 23. Nxd4 Rb1+ 24. Ke2 Rxh1 25. Nxc6 Rd7 26. Ne5 Rc7 27.
Nd3 Ra1 28. Bc4 Ra5 0-1

[Event "34 OFSz o Puchar Prezydenta Miasta Zabrz"]
[Site "Zabrze ul. Matejki 6"]
[Date "2011.09.28"]
[Round "8.5"]
[White "Czarnecki, Artur"]
[Black "Korcz, Daniel"]
[Result "1-0"]
[WhiteElo "1870"]
[BlackElo "1833"]
[PlyCount "65"]
[EventDate "2011.??.??"]

1. e4 e5 2. Nc3 Nc6 3. f4 d6 4. Nf3 Nf6 5. Bc4 Be7 6. O-O exf4 7. d4 O-O 8.
Bxf4 Na5 9. Bd3 c5 10. e5 dxe5 11. dxe5 Nh5 12. Bd2 g6 13. Qe2 Be6 14. Bh6 c4
15. Be4 Qb6+ 16. Kh1 Rfd8 17. Rad1 Rxd1 18. Rxd1 Qxb2 19. Nd5 Bxd5 20. Rxd5
Qb1+ 21. Ng1 Qxa2 22. Rd7 Qa3 23. Bd5 Ng7 24. e6 f6 25. Bf4 Ne8 26. g4 Kh8 27.
Nf3 Rd8 28. g5 Nc6 29. Bxc6 bxc6 30. gxf6 Qa1+ 31. Kg2 Bxf6 32. Rxd8 Bxd8 33.
Be5+ 1-0

[Event "34 OFSz o Puchar Prezydenta Miasta Zabrz"]
[Site "Zabrze ul. Matejki 6"]
[Date "2011.09.28"]
[Round "8.8"]
[White "Jelen, Janusz"]
[Black "Klementys, Jerzy"]
[Result "1-0"]
[WhiteElo "2019"]
[BlackElo "1825"]
[PlyCount "89"]
[EventDate "2011.??.??"]

1. d4 Nf6 2. c4 g6 3. Nc3 Bg7 4. e4 d6 5. f4 O-O 6. Nf3 c5 7. d5 e6 8. Bd3 exd5
9. cxd5 Nbd7 10. O-O a6 11. a4 b6 12. h3 Qc7 13. Re1 Bb7 14. Bc2 Rae8 15. Be3
Kh8 16. Qd2 Ng8 17. Qf2 Ne7 18. Rad1 Qb8 19. Ng5 h6 20. Nf3 f5 21. Qh4 fxe4 22.
Ng5 Nf5 23. Qg4 Nf6 24. Qe2 Nxe3 25. Qxe3 hxg5 26. fxg5 Nd7 27. Qg3 Ne5 28.
Nxe4 c4 29. Qh4+ Kg8 30. Nf6+ Bxf6 31. gxf6 Qc7 32. Rxe5 Rxe5 33. Bxg6 Rf7 34.
Rf1 Qc5+ 35. Kh2 Qxd5 36. Bxf7+ Qxf7 37. Rf4 Rh5 38. Qg3+ Kh8 39. Qg4 Rh6 40.
Qf5 Qg6 41. g4 Kg8 42. Qe6+ Kh8 43. Rf2 Qg8 44. Qe7 Qxg4 45. Qf8+ 1-0

[Event "34 OFSz o Puchar Prezydenta Miasta Zabrz"]
[Site "Zabrze ul. Matejki 6"]
[Date "2011.09.28"]
[Round "8.10"]
[White "Gromada, Andrzej"]
[Black "Liwowski, Piotr"]
[Result "1-0"]
[WhiteElo "1989"]
[BlackElo "1600"]
[PlyCount "41"]
[EventDate "2011.??.??"]

1. e4 e5 2. Bc4 Nf6 3. Nf3 Nc6 4. Ng5 d5 5. exd5 Na5 6. Bb5+ c6 7. dxc6 Nxc6 8.
O-O Bc5 9. d3 a6 10. Bxc6+ bxc6 11. Qf3 Qc7 12. Nc3 O-O 13. Be3 Bxe3 14. fxe3
h6 15. Nge4 Nd5 16. Rab1 Nxc3 17. bxc3 c5 18. Nf6+ gxf6 19. Qxa8 Bb7 20. Qxb7
Qxb7 21. Rxb7 1-0

[Event "34 OFSz o Puchar Prezydenta Miasta Zabrz"]
[Site "Zabrze ul. Matejki 6"]
[Date "2011.09.28"]
[Round "8.14"]
[White "Sikora, Szymon"]
[Black "Teske, Iwona"]
[Result "1-0"]
[WhiteElo "1533"]
[BlackElo "1600"]
[PlyCount "35"]
[EventDate "2011.??.??"]

1. e4 d5 2. exd5 Qxd5 3. Nc3 Qa5 4. d4 Bd7 5. Bc4 Nf6 6. Nf3 e6 7. Bd2 c6 8.
Ne4 Qd8 9. Bg5 Be7 10. Bxf6 Bxf6 11. Nd6+ Kf8 12. Nxb7 Qc7 13. Nc5 Qa5+ 14. c3
Bxd4 15. Qxd4 Ke7 16. Ne5 Rd8 17. Ncxd7 Nxd7 18. Nxc6+ 1-0

[Event "34 OFSz o Puchar Prezydenta Miasta Zabrz"]
[Site "Zabrze ul. Matejki 6"]
[Date "2011.??.??"]
[Round "9.1"]
[White "Malaniuk, Vladimir P"]
[Black "Czarnecki, Artur"]
[Result "1-0"]
[WhiteElo "2496"]
[BlackElo "1870"]
[PlyCount "29"]
[EventDate "2011.??.??"]

1. d4 d5 2. c4 e6 3. Nf3 c5 4. cxd5 exd5 5. g3 Nc6 6. Bg2 Nf6 7. Kf1 Be7 8. Nc3
O-O 9. dxc5 Bxc5 10. Bg5 d4 11. Bxf6 Qxf6 12. Nd5 Qd8 13. Nd2 Bd6 14. Nf4 Bf5
15. Nb3 1-0

[Event "34 OFSz o Puchar Prezydenta Miasta Zabrz"]
[Site "Zabrze ul. Matejki 6"]
[Date "2011.??.??"]
[Round "9.2"]
[White "Sroka, Janusz"]
[Black "Piesik, Piotr"]
[Result "0-1"]
[WhiteElo "2080"]
[BlackElo "2206"]
[PlyCount "112"]
[EventDate "2011.??.??"]

1. e4 e6 2. d3 d5 3. Nd2 Nf6 4. c3 b6 5. e5 Nfd7 6. d4 c5 7. f4 Ba6 8. Bxa6
Nxa6 9. Qe2 Nc7 10. Ngf3 Be7 11. O-O O-O 12. Kh1 b5 13. Ng1 Rb8 14. Rf3 b4 15.
Rh3 Re8 16. Qh5 Nf8 17. Ndf3 bxc3 18. bxc3 f5 19. dxc5 Bxc5 20. Nd4 Qd7 21.
Ngf3 Nb5 22. Bd2 Nxd4 23. cxd4 Be7 24. Rg1 g6 25. Qh6 Bd8 26. Rc1 Qg7 27. Qxg7+
Kxg7 28. a3 Bb6 29. Bb4 Nd7 30. Ne1 Rec8 31. Rhc3 Rxc3 32. Rxc3 Rg8 33. Rb3 Rc8
34. Rc3 Rxc3 35. Bxc3 Nb8 36. Kg1 Nc6 37. Nc2 g5 38. g3 g4 39. Kf2 Kf7 40. Ke3
Ke8 41. Kd3 Kd7 42. Bb4 Ba5 43. Bd6 h5 44. Bc5 a6 45. Nb4 Bxb4 46. axb4 Nd8 47.
Kc3 Kc6 48. Be7 Nb7 49. Kb3 Kb5 50. Bc5 Nd8 51. Be7 Nc6 52. Bc5 a5 53. bxa5
Nxa5+ 54. Kc3 Nc4 55. Kd3 Nb2+ 56. Kc3 Na4+ 0-1

[Event "34 OFSz o Puchar Prezydenta Miasta Zabrz"]
[Site "Zabrze ul. Matejki 6"]
[Date "2011.??.??"]
[Round "9.3"]
[White "Mulet, Piotr"]
[Black "Jelen, Janusz"]
[Result "1-0"]
[WhiteElo "2284"]
[BlackElo "2013"]
[PlyCount "74"]
[EventDate "2011.??.??"]

1. e4 c5 2. c3 d6 3. d4 Nf6 4. Bd3 Nc6 5. Nf3 e5 6. dxe5 Nxe5 7. Nxe5 dxe5 8.
O-O Be7 9. a4 O-O 10. Na3 Be6 11. Qe2 Qc7 12. Bg5 h6 13. Bh4 a6 14. Bg3 Rac8
15. Nc4 Bxc4 16. Bxc4 Bd6 17. Rfd1 Qc6 18. Re1 Rfe8 19. b3 Bb8 20. Bh4 Rcd8 21.
Bxf6 Qxf6 22. Bd5 Re7 23. Rad1 Rde8 24. Qc4 Ba7 25. Rd3 Rf8 26. Red1 Rb8 27. a5
Rf8 28. Rf3 Qg6 29. Rg3 Qh5 30. Rdd3 Qe2 31. Rxg7+ Kh8 32. Rdg3 Qe1+ 33. Qf1
Qd2 34. c4 Qxa5 35. Qc1 Qb6 36. R3g6 Qxg6 37. Rxg6 fxg6 1-0

[Event "34 OFSz o Puchar Prezydenta Miasta Zabrz"]
[Site "Zabrze ul. Matejki 6"]
[Date "2011.??.??"]
[Round "9.4"]
[White "Kastelik, Adrian"]
[Black "Semik, Tomasz"]
[Result "1-0"]
[WhiteElo "2048"]
[BlackElo "1878"]
[PlyCount "75"]
[EventDate "2011.??.??"]

1. e4 d6 2. d4 e5 3. Nf3 exd4 4. Nxd4 Nf6 5. Nc3 Be7 6. Bc4 O-O 7. O-O Nc6 8.
Bf4 Nxd4 9. Qxd4 Nh5 10. Be3 Bf6 11. Qd2 Bxc3 12. Qxc3 Qf6 13. Qxf6 Nxf6 14. f3
Re8 15. Bd4 Be6 16. Bd3 Nd7 17. f4 f6 18. b3 Re7 19. Rae1 Rae8 20. Re3 c5 21.
Bb2 d5 22. exd5 Bxd5 23. Rxe7 Rxe7 24. Rd1 Bf7 25. Bb5 Be8 26. Kf2 Kf7 27. a4
Nb6 28. Bxe8+ Kxe8 29. a5 Nd7 30. Rd5 c4 31. b4 g6 32. Rd4 b5 33. Rd5 a6 34.
Rd6 Nb8 35. Rb6 Nd7 36. Rxa6 Kf7 37. Rd6 g5 38. a6 1-0

[Event "34 OFSz o Puchar Prezydenta Miasta Zabrz"]
[Site "Zabrze ul. Matejki 6"]
[Date "2011.??.??"]
[Round "9.5"]
[White "Radzikowski, Dawid"]
[Black "Czornik, Janusz"]
[Result "1-0"]
[WhiteElo "2019"]
[BlackElo "1838"]
[PlyCount "53"]
[EventDate "2011.??.??"]

1. e4 c5 2. Nc3 d6 3. d3 g6 4. Be3 Bg7 5. Qd2 Nc6 6. g3 e6 7. Bg2 Nd4 8. Nd1
Ne7 9. c3 Ndc6 10. Bh6 Bxh6 11. Qxh6 Ne5 12. Qd2 O-O 13. f4 N5c6 14. Nh3 f5 15.
O-O e5 16. exf5 Nxf5 17. Ne3 Nxe3 18. Qxe3 Kg7 19. fxe5 Nxe5 20. Rxf8 Qxf8 21.
Rf1 Qe8 22. Ng5 h6 23. Ne4 Qe7 24. d4 Nc4 25. Qf4 Bf5 26. b3 Nb6 27. Nxd6 1-0

[Event "34 OFSz o Puchar Prezydenta Miasta Zabrz"]
[Site "Zabrze ul. Matejki 6"]
[Date "2011.??.??"]
[Round "9.6"]
[White "Galyga, Jozef"]
[Black "Szczecina, Kamil"]
[Result "1/2-1/2"]
[WhiteElo "1953"]
[BlackElo "1772"]
[PlyCount "60"]
[EventDate "2011.??.??"]

1. e4 c5 2. Nf3 e6 3. d3 Qc7 4. g3 d6 5. Bg2 Nd7 6. O-O Rb8 7. Nbd2 g6 8. a4
Bg7 9. Nc4 Ne7 10. Bf4 e5 11. Bg5 f6 12. Bd2 O-O 13. Ne3 Re8 14. c3 Nf8 15. d4
Be6 16. d5 Bd7 17. Nh4 g5 18. Nhf5 Nxf5 19. exf5 a6 20. a5 Re7 21. Be4 Be8 22.
h4 h6 23. h5 Nd7 24. Nc4 b5 25. axb6 Nxb6 26. Na5 Bb5 27. Re1 Kh8 28. b3 c4 29.
b4 Ree8 30. Be3 Rec8 1/2-1/2

[Event "34 OFSz o Puchar Prezydenta Miasta Zabrz"]
[Site "Zabrze ul. Matejki 6"]
[Date "2011.??.??"]
[Round "9.8"]
[White "Drela, Michal"]
[Black "Kuciel, Wladyslaw"]
[Result "0-1"]
[WhiteElo "1459"]
[BlackElo "2021"]
[PlyCount "44"]
[EventDate "2011.??.??"]

1. e4 c5 2. c3 d6 3. d4 Nf6 4. Bd3 Nc6 5. Ne2 e6 6. O-O Be7 7. f3 O-O 8. Be3 b6
9. Na3 Bb7 10. Nc2 Rc8 11. Ng3 Qc7 12. Rc1 Rfd8 13. Qe1 a6 14. a4 c4 15. Bxc4
Nxd4 16. Bxd4 Qxc4 17. Bxb6 Re8 18. a5 Nd7 19. Bd4 Nc5 20. Na3 Qa4 21. Bxc5
Rxc5 22. Ra1 Rec8 {Dalej zapisy nieczytelne} 0-1

[Event "34 OFSz o Puchar Prezydenta Miasta Zabrz"]
[Site "Zabrze ul. Matejki 6"]
[Date "2011.??.??"]
[Round "9.9"]
[White "Korcz, Daniel"]
[Black "Gromada, Andrzej"]
[Result "0-1"]
[WhiteElo "1833"]
[BlackElo "1989"]
[PlyCount "62"]
[EventDate "2011.??.??"]

1. e4 c5 2. Nf3 d6 3. d4 cxd4 4. Nxd4 Nf6 5. Nc3 a6 6. Bg5 e6 7. f4 h6 8. Bh4
Be7 9. Qf3 Nbd7 10. O-O-O Qc7 11. g4 g5 12. fxg5 Ne5 13. Qe2 Nfxg4 14. h3 Bxg5+
15. Bxg5 hxg5 16. Bg2 Nf6 17. Rhf1 Nh5 18. Ndb5 axb5 19. Nxb5 Qc5 20. Nxd6+ Kf8
21. Nxf7 Nxf7 22. Rd8+ Kg7 23. Rxf7+ Kxf7 24. Rxh8 Nf4 25. Qf3 e5 26. Qb3+ Kf6
27. Rh6+ Kg7 28. Rh7+ Kxh7 29. Qf7+ Kh6 30. Qf6+ Ng6 31. h4 Qe3+ 0-1

[Event "34 OFSz o Puchar Prezydenta Miasta Zabrz"]
[Site "Zabrze ul. Matejki 6"]
[Date "2011.??.??"]
[Round "9.10"]
[White "Pawlowski, Maciej"]
[Black "Ekert, Mariusz"]
[Result "0-1"]
[WhiteElo "1495"]
[BlackElo "1957"]
[PlyCount "50"]
[EventDate "2011.??.??"]

1. e4 e6 2. d4 d5 3. exd5 exd5 4. c4 Nf6 5. Bg5 Be7 6. Nc3 c6 7. Qb3 dxc4 8.
Bxc4 O-O 9. Nge2 Nbd7 10. O-O Nb6 11. Bd3 Be6 12. Qc2 h6 13. Bh4 Nbd5 14. Bf5
Qd7 15. Bxe6 Qxe6 16. Rfe1 Qd7 17. Rad1 Rfe8 18. Nc1 Bd6 19. Nd3 Qg4 20. Bg3
Bxg3 21. hxg3 Qxd4 22. Rxe8+ Rxe8 23. Nf4 Nxf4 24. gxf4 Qxf4 25. Qb3 Ng4 0-1

[Event "34 OFSz o Puchar Prezydenta Miasta Zabrz"]
[Site "Zabrze ul. Matejki 6"]
[Date "2011.??.??"]
[Round "9.11"]
[White "Klementys, Jerzy"]
[Black "Sikora, Szymon"]
[Result "1-0"]
[WhiteElo "1825"]
[BlackElo "1533"]
[PlyCount "69"]
[EventDate "2011.??.??"]

1. d4 c5 2. d5 Nf6 3. c4 b5 4. cxb5 a6 5. bxa6 Bxa6 6. Nc3 g6 7. Nf3 Bg7 8. g3
O-O 9. Bg2 d6 10. O-O Nbd7 11. Re1 Qa5 12. e4 Rfb8 13. e5 dxe5 14. Nxe5 Nxe5
15. Rxe5 Ra7 16. Qe1 Ng4 17. Re4 Nf6 18. Rxe7 Rxe7 19. Qxe7 Re8 20. Qa7 Re1+
21. Bf1 Bxf1 22. Qb8+ Bf8 23. Bh6 Re8 24. Qf4 Bxh6 25. Qxh6 Ba6 26. Qf4 Qd8 27.
Rd1 Bb7 28. Qc4 Qa8 29. Qxc5 Nxd5 30. Nxd5 Bxd5 31. Qxd5 Re1+ 32. Kg2 Qxd5+ 33.
Rxd5 Ra1 34. Rd8+ Kg7 35. Ra8 1-0

[Event "34 OFSz o Puchar Prezydenta Miasta Zabrz"]
[Site "Zabrze ul. Matejki 6"]
[Date "2011.??.??"]
[Round "9.12"]
[White "Mostowski, Boguslaw"]
[Black "Czornik, Adam"]
[Result "0-1"]
[WhiteElo "1807"]
[BlackElo "1758"]
[PlyCount "73"]
[EventDate "2011.??.??"]

1. e4 e6 2. d4 d5 3. Nc3 Nf6 4. Bg5 Be7 5. e5 Nfd7 6. Bxe7 Qxe7 7. f4 O-O 8.
Nf3 c5 9. dxc5 Nxc5 10. Qd2 Nc6 11. O-O-O a6 12. a3 b5 13. b4 Nd7 14. Nd4 Nxd4
15. Qxd4 Bb7 16. f5 Qg5+ 17. Kb2 Qxf5 18. Re1 f6 19. Bd3 Qh5 20. exf6 Rxf6 21.
g4 Qf7 22. Rhf1 e5 23. Rxf6 gxf6 24. Qf2 e4 25. Be2 Qe6 26. Qd4 Qe5 27. Rd1
Qxd4 28. Rxd4 Nb6 29. Kb3 Kf7 30. a4 bxa4+ 31. Nxa4 Nxa4 32. Kxa4 Rc8 33. c4
Ke6 34. Kb3 Ke5 35. Rd1 d4 36. Re1 e3 37. Rf1 0-1

[Event "34 OFSz o Puchar Prezydenta Miasta Zabrz"]
[Site "Zabrze ul. Matejki 6"]
[Date "2011.??.??"]
[Round "10.1"]
[White "Radzikowski, Dawid"]
[Black "Malaniuk, Vladimir P"]
[Result "0-1"]
[WhiteElo "2019"]
[BlackElo "2496"]
[PlyCount "52"]
[EventDate "2011.??.??"]

1. e4 e5 2. Nc3 Nf6 3. Bc4 Nc6 4. Nf3 Nxe4 5. Nxe4 d5 6. Bd3 dxe4 7. Bxe4 Bd6
8. d4 exd4 9. Bxc6+ bxc6 10. Nxd4 O-O 11. O-O Qf6 12. c3 Ba6 13. Re1 c5 14. Ne2
Qh4 15. Ng3 Bb7 16. Qd2 Rae8 17. b3 f5 18. h3 f4 19. Rxe8 Rxe8 20. Nf5 Qg5 21.
g4 fxg3 22. Qd5+ Bxd5 23. Bxg5 gxf2+ 24. Kf1 Re5 25. Nxd6 Rxg5 26. Kxf2 cxd6
0-1

[Event "34 OFSz o Puchar Prezydenta Miasta Zabrz"]
[Site "Zabrze ul. Matejki 6"]
[Date "2011.??.??"]
[Round "10.5"]
[White "Szczecina, Kamil"]
[Black "Ekert, Mariusz"]
[Result "1/2-1/2"]
[WhiteElo "1772"]
[BlackElo "1957"]
[PlyCount "61"]
[EventDate "2011.??.??"]

1. e4 e6 2. d4 d5 3. exd5 exd5 4. Bd3 Bd6 5. Qf3 Nf6 6. h3 Nc6 7. c3 h6 8. Ne2
Bd7 9. Be3 Ne7 10. Nd2 c6 11. Bf4 Qc7 12. Bxd6 Qxd6 13. Qg3 Qxg3 14. Nxg3 O-O
15. O-O Rfe8 16. Rfe1 Rad8 17. Nf3 Nc8 18. Ne5 Nd6 19. Re2 Kf8 20. Rae1 h5 21.
Nxd7+ Rxd7 22. Rxe8+ Ndxe8 23. Nf1 Nd6 24. Nd2 Re7 25. Rxe7 Kxe7 26. f3 h4 27.
Kf2 Nh5 28. b3 Nf4 29. Bc2 Nb5 30. Nb1 Kf6 31. a4 1/2-1/2

[Event "34 OFSz o Puchar Prezydenta Miasta Zabrz"]
[Site "Zabrze ul. Matejki 6"]
[Date "2011.??.??"]
[Round "10.6"]
[White "Tomaka, Marek"]
[Black "Czarnecki, Artur"]
[Result "0-1"]
[WhiteElo "1582"]
[BlackElo "1870"]
[PlyCount "60"]
[EventDate "2011.??.??"]

1. e4 e5 2. Nf3 d6 3. Bc4 Be7 4. d4 Nf6 5. Nc3 Nbd7 6. Qe2 O-O 7. O-O c6 8. Rd1
Qc7 9. Bg5 b5 10. Bb3 a5 11. a3 Ba6 12. Qe1 Nb6 13. dxe5 dxe5 14. Bxf6 Bxf6 15.
Qe3 b4 16. axb4 axb4 17. Na2 c5 18. Bd5 Nxd5 19. Rxd5 Bb7 20. Qxc5 Qxc5 21.
Rxc5 Bxe4 22. Nd2 Bf5 23. Nb3 Rfd8 24. f4 Be7 25. Rxe5 Bxc2 26. Nac1 Rxa1 27.
Nxa1 Bf6 28. Re1 Ba4 29. b3 Bd4+ 30. Kh1 Bf2 0-1

[Event "34 OFSz o Puchar Prezydenta Miasta Zabrz"]
[Site "Zabrze ul. Matejki 6"]
[Date "2011.??.??"]
[Round "10.7"]
[White "Jelen, Janusz"]
[Black "Galyga, Jozef"]
[Result "0-1"]
[WhiteElo "2013"]
[BlackElo "1953"]
[PlyCount "46"]
[EventDate "2011.??.??"]

1. d4 e6 2. c4 f5 3. Nf3 Nf6 4. e3 b6 5. g3 Bb7 6. Bg2 Be7 7. O-O O-O 8. Nc3
Na6 9. b3 Rb8 10. Bb2 Ne4 11. Qe2 Bf6 12. Rfc1 Qe7 13. a3 c5 14. Nd2 cxd4 15.
Ncxe4 fxe4 16. exd4 d5 17. f3 Nc5 18. Bc3 Nd3 19. Rc2 e5 20. dxe5 Bxe5 21. fxe4
Qc5+ 22. Kh1 Nf2+ 23. Qxf2 Rxf2 0-1

[Event "34 OFSz o Puchar Prezydenta Miasta Zabrz"]
[Site "Zabrze ul. Matejki 6"]
[Date "2011.??.??"]
[Round "10.8"]
[White "Czornik, Janusz"]
[Black "Klementys, Jerzy"]
[Result "1-0"]
[WhiteElo "1838"]
[BlackElo "1825"]
[PlyCount "95"]
[EventDate "2011.??.??"]

1. e4 c5 2. Nf3 d6 3. d4 cxd4 4. Nxd4 Nf6 5. Nc3 a6 6. Bg5 e6 7. f4 Be7 8. Qf3
Qc7 9. O-O-O Nbd7 10. g4 b5 11. Bxf6 Nxf6 12. g5 Nd7 13. f5 Bxg5+ 14. Kb1 Ne5
15. Qh5 Qe7 16. Rg1 Bf6 17. fxe6 O-O 18. Nf5 g6 19. Rxd6 Qc7 20. Nd5 Kh8 21.
Nxc7 gxh5 22. Nxa8 fxe6 23. Ng3 Nf3 24. Rh1 h4 25. Nh5 Be7 26. Rd1 Bb7 27. Nc7
Bxe4 28. Nxe6 Rf5 29. Bd3 Bxd3 30. Rxd3 Ne5 31. Nhf4 Nxd3 32. cxd3 Kg8 33. Rg1+
Kf7 34. Rg7+ Ke8 35. Rxh7 Kd7 36. Kc2 Rf6 37. d4 Rxe6 38. Nxe6 Kxe6 39. d5+ Kd6
40. Rxe7 Kxe7 41. Kd3 Kd6 42. Kd4 a5 43. h3 a4 44. a3 Kc7 45. Kc5 Kd7 46. Kxb5
Kd6 47. Kxa4 Kxd5 48. b4 1-0

[Event "34 OFSz o Puchar Prezydenta Miasta Zabrz"]
[Site "Zabrze ul. Matejki 6"]
[Date "2011.??.??"]
[Round "10.9"]
[White "Semik, Tomasz"]
[Black "Korcz, Daniel"]
[Result "1/2-1/2"]
[WhiteElo "1878"]
[BlackElo "1833"]
[PlyCount "120"]
[EventDate "2011.??.??"]

1. Nf3 Nc6 2. g3 e5 3. d3 d5 4. Bg2 Nf6 5. O-O Be7 6. c4 O-O 7. cxd5 Nxd5 8.
Nc3 Be6 9. Bd2 Rb8 10. a3 f6 11. Qa4 Qd7 12. Qh4 Nd8 13. Rac1 c5 14. Nxd5 Qxd5
15. Qa4 Qb3 16. Qxb3 Bxb3 17. Be3 b6 18. Nd2 Bf7 19. Rb1 Ne6 20. Rfc1 Rbc8 21.
Bh3 g6 22. Rc2 f5 23. Nc4 Nd4 24. Bxd4 cxd4 25. Rbc1 Bg5 26. Nd2 Rxc2 27. Rxc2
Bxd2 28. Rxd2 Bb3 29. g4 f4 30. Bg2 Rc8 31. Be4 Rc1+ 32. Kg2 g5 33. e3 fxe3 34.
fxe3 Kg7 35. exd4 exd4 36. Bf5 h6 37. Kf3 Re1 38. Kf2 Rh1 39. Kf3 Re1 40. Kf2
Re3 41. Re2 Rxe2+ 42. Kxe2 Kf6 43. Kf3 Ke5 44. Bg6 Bd1+ 45. Kg3 a5 46. h3 b5
47. Bh7 Bc2 48. Bg6 b4 49. Kf3 Bd1+ 50. Kg3 Bb3 51. Kf3 Bd5+ 52. Kg3 Kd6 53.
Be8 Kc5 54. Kf2 bxa3 55. bxa3 Bc6 56. Bxc6 Kxc6 57. Kf3 Kd5 58. Kg3 Ke5 59. Kf3
Kd5 60. Kg3 Ke5 1/2-1/2

[Event "34 OFSz o Puchar Prezydenta Miasta Zabrz"]
[Site "Zabrze ul. Matejki 6"]
[Date "2011.??.??"]
[Round "10.10"]
[White "Czornik, Adam"]
[Black "Drela, Michal"]
[Result "0-1"]
[WhiteElo "1758"]
[BlackElo "1459"]
[PlyCount "87"]
[EventDate "2011.??.??"]

1. e4 c5 2. Nf3 Nc6 3. d4 cxd4 4. Nxd4 Nf6 5. Nc3 g6 6. Be3 Bg7 7. f3 O-O 8.
Qd2 d6 9. O-O-O Qc7 10. Bh6 Nxd4 11. Bxg7 Nxf3 12. Qh6 Ng4 13. Nd5 Qd8 14. Qf4
Kxg7 15. Qxf3 Ne5 16. Qc3 Bg4 17. Rd2 Rc8 18. Qd4 Be6 19. h4 Bxd5 20. exd5 Qa5
21. Kb1 Qc5 22. Qe4 h5 23. Be2 f5 24. Qf4 Ng4 25. Rh3 Qf2 26. Bf3 Qe1+ 27. Bd1
Qe5 28. Qg5 Qf6 29. Qf4 Rc7 30. Re2 Ne5 31. b3 Rfc8 32. Rg3 Rc3 33. Rg5 R3c5
34. Rd2 Ng4 35. c4 b5 36. Be2 bxc4 37. Bxc4 Qe5 38. Qf3 Qe4+ 39. Qxe4 fxe4 40.
Rd4 Nf6 41. Kc2 e5 42. dxe6 d5 43. e7 dxc4 44. Rxc4 0-1

[Event "34 OFSz o Puchar Prezydenta Miasta Zabrz"]
[Site "Zabrze ul. Matejki 6"]
[Date "2011.??.??"]
[Round "10.11"]
[White "Gora, Tomasz"]
[Black "Mostowski, Boguslaw"]
[Result "1-0"]
[WhiteElo "1849"]
[BlackElo "1807"]
[PlyCount "102"]
[EventDate "2011.??.??"]

1. d4 f5 2. c4 Nf6 3. Nc3 g6 4. Nf3 Bg7 5. g3 O-O 6. Bg2 d6 7. O-O Qe8 8. Bf4
Nh5 9. Rb1 e5 10. dxe5 dxe5 11. Bxe5 Bxe5 12. Qd5+ Be6 13. Qxe5 Nc6 14. Qxc7
Rf7 15. Qd6 Bxc4 16. Qc5 Ba6 17. Rfe1 b6 18. Qa3 Bb7 19. Nb5 Qe7 20. Nd6 Rf6
21. Qb3+ Kg7 22. Nxb7 Qxb7 23. Ne5 Re8 24. Nxc6 Rxc6 25. Bxc6 Qxc6 26. Qc3+
Qxc3 27. bxc3 Nf6 28. Rbd1 Rc8 29. Rd3 Rc7 30. f3 Nd7 31. Red1 Ne5 32. Rd5 Kf6
33. f4 Nf7 34. R1d3 Ke6 35. Kf2 Nh6 36. Kf3 Ng4 37. h3 Nf6 38. Re5+ Kf7 39. g4
Nd7 40. Red5 Nc5 41. R3d4 fxg4+ 42. hxg4 Re7 43. e4 Ne6 44. Rd2 Nc5 45. e5 Rc7
46. f5 gxf5 47. gxf5 Re7 48. Kf4 Rc7 49. f6 Ne6+ 50. Kf5 Nc5 51. e6+ Nxe6 1-0

[Event "34 OFSz o Puchar Prezydenta Miasta Zabrz"]
[Site "Zabrze ul. Matejki 6"]
[Date "2011.??.??"]
[Round "10.12"]
[White "Pawlowski, Maciej"]
[Black "Michalak, Natalia"]
[Result "1-0"]
[WhiteElo "1495"]
[BlackElo "1385"]
[PlyCount "57"]
[EventDate "2011.??.??"]

1. e4 c5 2. Nf3 d6 3. d4 cxd4 4. Nxd4 g6 5. Nc3 Bg7 6. Be3 Nf6 7. f3 O-O 8. Qd2
Bd7 9. O-O-O Nc6 10. Nxc6 Bxc6 11. Bh6 Rc8 12. h4 Nh5 13. Bxg7 Kxg7 14. g4 Ng3
15. Rh3 Nxf1 16. Rxf1 Qc7 17. h5 Rfd8 18. hxg6 fxg6 19. Qh6+ Kf6 20. Qxh7 d5
21. g5+ Ke6 22. Qxg6+ Kd7 23. Qf5+ e6 24. Rh7+ Kd6 25. Qf4+ e5 26. Qf6+ Kc5 27.
Rxc7 Rxc7 28. Qxd8 Rh7 29. exd5 1-0

[Event "34 OFSz o Puchar Prezydenta Miasta Zabrz"]
[Site "Zabrze ul. Matejki 6"]
[Date "2011.??.??"]
[Round "10.13"]
[White "Mroczek, Henryk"]
[Black "Sikora, Szymon"]
[Result "1-0"]
[WhiteElo "1686"]
[BlackElo "1533"]
[PlyCount "29"]
[EventDate "2011.??.??"]

1. d4 c5 2. d5 Nf6 3. c4 b5 4. b3 g6 5. Bb2 Bg7 6. Nf3 d6 7. e3 bxc4 8. bxc4
Qb6 9. Bc3 e6 10. e4 Kf8 11. Bd3 exd5 12. cxd5 c4 13. Bd4 Qc7 14. Qc2 Na6 15.
Nbd2 {Dalej zapisy niepoprawne} 1-0